000 00318nam a2200109Ia 4500
008 171211s9999 xx 000 0 und d
245 _aInfluenza Virus: Methods and Protocols
245 _cGabriele Neumann
260 _c2012
650 _xBiology
856 _uhttp://www.ebook777.com/influenza-virus-methods-protocols/
999 _c350403
_d350403